| 000 | 01209cam a2200313 a 4500 | ||
|---|---|---|---|
| 999 |
_c3142 _d3142 |
||
| 001 | 4015605 | ||
| 003 | OSt | ||
| 005 | 20230207123008.0 | ||
| 008 | 970401s1997 couab b 001 0 eng | ||
| 010 | _a 97013520 | ||
| 020 | _a0813308313 (hardcover : alk. paper) | ||
| 040 |
_aDLC _cDLC _dDLC |
||
| 043 | _an-us-md | ||
| 050 | 0 | 0 |
_aLA303.B3 _bE58 1997 |
| 082 | 0 | 0 |
_a320 ENT 1997 _221 |
| 100 | 1 |
_aEntwisle, Doris R.; Alexander, Karl L.; Olson, Linda Steffel. _96998 |
|
| 245 | 1 | 0 | _aChildren, Schools, and Inequality |
| 260 |
_aBoulder; _bWestview Press, _c1997. |
||
| 300 |
_axiii, 238 p. : _bill., map ; _c24 cm. |
||
| 440 | 0 |
_aSocial inequality series _96999 |
|
| 504 | _aIncludes bibliographical references & index. | ||
| 650 | 0 |
_aChild education _97000 |
|
| 650 | 0 |
_aEducation, Elementary _97001 |
|
| 856 | 4 | 2 |
_3Contributor biographical information _uhttp://www.loc.gov/catdir/enhancements/fy0830/97013520-b.html |
| 856 | 4 | 2 |
_3Publisher description _uhttp://www.loc.gov/catdir/enhancements/fy0830/97013520-d.html |
| 906 |
_a7 _bcbc _corignew _d1 _eocip _f19 _gy-gencatlg |
||
| 942 |
_2ddc _cSLOAN |
||